00918nam a2200277 a 4500003000900000005001700009008004100026020001800067040001300085100002500098245006900123250001200192260003400204300001100238500008200249500005800331500004500389650001500434650002800449650002600477650002700503650002700530650002800557653002900585653002600614AR-BaBNM20251128210012.0082120s2002 ||||||||||||||000 | spa|| a968-24-1225-0 cAR-BaBNM1 aLafourcade, Pedro D.00aLa evaluación en organizaciones educativas centradas en logros a1ª ed. aMéxico, D.F.bTrillasc1982 a210 p. aContiene anexo con información sobre instrumentos de medición p. 197-198 aContiene anexo con tabla de probabilidades p. 199-201 aContiene índice análitico p. 205-210 4aEVALUACION 4aCRITERIOS DE EVALUACION 4aMETODOS DE EVALUACION 4aTECNICAS DE EVALUACION 4aEVALUACION OPERACIONAL 4aOBJETIVOS EDUCACIONALES aEVALUACION INSTITUCIONAL aEXPECTATIVAS DE LOGRO